| 000 | 01075nam a22003257a 4500 | ||
|---|---|---|---|
| 003 | CHAP | ||
| 005 | 20220329135750.0 | ||
| 008 | 971013s1992 r 00010 d | ||
| 010 | _a41725 | ||
| 011 | _a42697 | ||
| 035 | _a46826 | ||
| 040 | _cCHAP | ||
| 090 | _aTesis | ||
| 100 | 0 | 0 |
_aAguilar Rivas, Ramiro. _92828 |
| 245 | _aSistemas hidráulicos en maquinaria agrícola | ||
| 260 |
_aChapingo, Méx. : _bEl autor, _c1992 |
||
| 300 |
_a106 h. _b: ilus. |
||
| 502 | _aTesis (Ing. Mecánico Agrícola) -- UACH. Departamento de Ingeniería Mecánica Agrícola | ||
| 590 |
_aALEPH _b10 _c20130110 _lUCH01 _h1310 |
||
| 590 |
_aBATCH-UPD _b10 _c20130110 _lUCH01 _h1624 |
||
| 590 |
_aBATCH-UPD _b10 _c20130410 _lUCH01 _h1018 |
||
| 590 |
_aBATCH-UPD _b10 _c20130914 _lUCH01 _h1757 |
||
| 590 |
_aCONVERSION _b10 _c20130109 _lUCH01 _h1323 |
||
| 650 | 1 | 4 |
_aMaquinaria agrícola. _971151 |
| 650 | 1 | 4 |
_aMaquinaria hidráulica. _971217 |
| 901 | _aBK | ||
| 942 | _cFOLL | ||
| 949 |
_bBC _cTES _d-106664 _eTS1 _h30438 _i46826 _si |
||
| 949 |
_bBC _cTES _d33724000006516 _eTS2 _fc.2 _h30439 _i46826 _si |
||
| 999 |
_c41725 _d41725 |
||